00317nam a2200109Ia 4500008004100000100002100041245010400062260001300166260001300179260000900192300000600201201214s9999 xx 000 0 und d aTaylor, James W. 0aStrategic Planning For The Successful Business : How To Profitably Guide Your Business into the Fut aNew York bHamilton c1979 a0